[Event "RUS-chT U26"]
[Site "Belgorod"]
[Date "2008.10.12"]
[Round "8"]
[White "Saakian, Felix"]
[Black "Solomin, Maxim"]
[Result "0-1"]
[WhiteElo "2046"]
[BlackElo "1912"]
[PlyCount "52"]
[EventDate "2008.10.05"]
[EventType "team"]
[EventRounds "9"]
[EventCountry "RUS"]
[SourceTitle "EXT 2010"]
[Source "ChessBase"]
[SourceDate "2010.11.25"]
[SourceVersion "1"]
[SourceVersionDate "2010.11.25"]
[SourceQuality "1"]

1. e4 c5 2. Nf3 g6 3. d4 cxd4 4. Nxd4 Nc6 5. Nc3 Bg7 6. Be3 Nf6 7. Bc4 0-0 8. Bb3 a5 9. f3 d5 10. exd5 Nb4 11. Ndb5 a4 12. Bc4 a3 13. bxa3 Nfxd5 14. axb4 Nxe3 15. Qe2 Qb6 16. Bb3 Bd7 17. Rc1 Rfc8 18. Qd2 Nxg2+ 19. Qxg2 Rxc3 20. a4 Re3+ 21. Kf1 Bc6 22. Qd2 Rxf3+ 23. Ke1 Bxb5 24. Bxf7+ Rxf7 25. axb5 Bh6 26. Qd5 Rd8 0-1

[Event "RUS-chT U26"]
[Site "Belgorod"]
[Date "2008.10.05"]
[Round "1"]
[White "Solomin, Maxim"]
[Black "Uzhva, Andrey Nikolaevich"]
[Result "0-1"]
[WhiteElo "1912"]
[BlackElo "2288"]
[PlyCount "38"]
[EventDate "2008.10.05"]
[EventType "team"]
[EventRounds "9"]
[EventCountry "RUS"]
[SourceTitle "EXT 2010"]
[Source "ChessBase"]
[SourceDate "2010.11.25"]
[SourceVersion "1"]
[SourceVersionDate "2010.11.25"]
[SourceQuality "1"]

1. d4 Nf6 2. c4 g6 3. Nc3 d5 4. g4 dxc4 5. g5 Nd5 6. e4 Nxc3 7. bxc3 Bg7 8. Bxc4 c5 9. Ne2 Nc6 10. Be3 0-0 11. f4 Bg4 12. 0-0 cxd4 13. cxd4 Nxd4 14. Rb1 Rc8 15. Bd3 Rc3 16. Kf2 Rxd3 17. Qxd3 Bxe2 18. Qa3 Bxf1 19. Kxf1 Nc2 0-1

[Event "Zhigulevskie prostory op"]
[Site "Samara"]
[Date "2008.07.28"]
[Round "4"]
[White "Strokov, Anatoli"]
[Black "Solomin, Maxim"]
[Result "1/2-1/2"]
[WhiteElo "2165"]
[BlackElo "1911"]
[PlyCount "58"]
[EventDate "2008.07.25"]
[EventType "swiss"]
[EventRounds "9"]
[EventCountry "RUS"]
[SourceTitle "EXT 2022"]
[Source "ChessBase"]
[SourceDate "2021.10.06"]
[SourceVersion "1"]
[SourceVersionDate "2021.10.06"]
[SourceQuality "1"]

1. c4 Nf6 2. Nf3 g6 3. b3 Bg7 4. Bb2 0-0 5. g3 c5 6. Bg2 Nc6 7. 0-0 d6 8. d3 e5 9. Nc3 h6 10. e3 Nh5 11. Nh4 Kh7 12. Nd5 Rb8 13. Rb1 Be6 14. f4 f5 15. Nf3 Nf6 16. Nxf6+ Bxf6 17. Bc3 Qd7 18. Qd2 Rbd8 19. d4 exd4 20. exd4 d5 21. cxd5 Bxd5 22. dxc5 Qc7 23. Bxf6 Rxf6 24. Qc3 Re6 25. Rbe1 Be4 26. Rd1 Rde8 27. b4 R8e7 28. b5 Nb8 29. Ne5 Rf6 1/2-1/2